000 00437pab a2200181 454500
008 180718b2009 xxu||||| |||| 00| 0 eng d
100 _aTripathy, K.K.
245 _aAgriculture and food management for food security: a review
260 _c2009
300 _ap.24-27.
362 _aSep
650 _aAgriculture
650 _aFood supply
700 _aPadhi, Soubhagya
773 _aKurukshetra
908 _aN
909 _a84051
999 _c84051
_d84051